Types of Cats (Scrambled) - Statistics

General Stats
  • This quiz has been taken 30 times
  • The average score is 10 of 14
Answer Stats
Hint Answer % Correct
anussir bule russian blue
100%
snhipx sphinx
100%
axnm manx
96%
nemia noco maine coon
92%
aerpnsi persian
92%
thtscsio fdol scottish fold
88%
itrihbs hrsrotiah british shorthair
80%
nitagype uma egyptian mau
76%
isseema siamese
76%
ienamrac sarthhior american shorthair
60%
ymbbao bombay
60%
seremub burmese
60%
nicknhum munchkin
40%
olatbbi bobtail
20%
No matching quizzes found
Score Distribution
Percent of People with Each Score
Percentile by Number Answered
Your Score History
You have not taken this quiz